Pirineu català : guia itinerari del excursionista a Camprodon / per Cesar August Torras guia itinerari del excursionista a Camprodon / per Cesar August Torras
Descripción Física:
v. : il., map. ; 19 cm
MARC
| LEADER | 00000nam a2200000Ia 4500 | ||
|---|---|---|---|
| 001 | 14474, 14475, 14476 | ||
| 008 | 160829s1902 xx 000 0 cat d | ||
| 080 | |a H-2-153, H-2-154, H-2-155 | ||
| 100 | |a Torras, Cèsar August |9 25495 | ||
| 245 | |a Pirineu català : |b guia itinerari del excursionista a Camprodon / per Cesar August Torras | ||
| 260 | |a Barcelona : |b Tip. L'Avenç, |c 1902 | ||
| 300 | |a v. : |b il., map. ; |c 19 cm | ||
| 590 | |a Conté: v. 1: Comarca de Camprodon; v. 2: Vallespir. Muntanyes del Canigó. Conflent; v. 4: Valls altes del Segre. Ripollès. | ||
| 650 | |a Pirineu Català |x Guies |9 25499 | ||
| 650 | |a Pirineu Català |x Circuits turístics |9 25500 | ||
| 866 | |a 1, 2, 4 | ||
| 901 | |a Arxiu | ||
| 942 | |n 1 | ||
| 952 | |0 0 |1 0 |4 0 |6 H2153_H2154_H2155 |7 1 |9 44631 |a Arxiu |b Arxiu |d 2016-12-01 |l 0 |o H-2-153, H-2-154, H-2-155 |p 14474, 14475, 14476 |r 2016-12-01 00:00:00 |w 2016-12-01 |y ARXIU | ||
| 999 | |c 47212 |d 47212 | ||